2023 Quiz - Statistics

General Stats
  • This quiz has been taken 60 times
  • The average score is 10 of 20
Answer Stats
Hint Answer % Correct
Country that sent a spy balloon over the US China
96%
Film that released on the same day as Oppenheimer Barbie
90%
FBI investigates this US president Donald Trump
87%
New king of the UK King Charles III
85%
X was previously known as Twitter
83%
Country that surpassed China in population India
81%
Artist that started her eras tour Taylor Swift
79%
Organisation that attacked Israel on 7th October Hamas
77%
Country with earthquake death toll over 1000 Afghanistan | Morocco | Turkey | Syria
52%
Newest member of NATO Finland
50%
Winner of the Cricket World Cup Australia
44%
Country that claimed over half of Guyana Venezuela
38%
Game that was revealed to the public in December Grand Theft Auto VI
35%
Social Media network that gained over 30 million users in a day Threads
27%
Group of a Russian Private Military that went on a one-day rebellion Wagner
27%
Company that bought Activision Blizzard Microsoft
25%
Submarine that imploded near the Titanic Titan
25%
Sports event that took place in Australia and New Zealand Women's World Cup
17%
The Nagorno-Karabakh conflict ended after 100,000 ____ fled the region Armenians
13%
State that banned TikTok Montana
13%
No matching quizzes found
Score Distribution
Percent of People with Each Score
Percentile by Number Answered
Your Score History
You have not taken this quiz